000 00399nam a2200157Ia 4500
008 231217s9999 xx 000 0 und d
041 _aEnglish
082 _a294.548 GOK
100 _aGokulananda, Swami
245 0 _aSome guidelines to innerlife
250 _a3rd ed.
260 _cNULL
_bRamakrishna Math, Madras
300 _axi+163
650 _aDiscipline,self Innerlife
942 _cAA
999 _c165198
_d165198